LEADER 06617nam 2201141 450 001 9910790634503321 005 20200520144314.0 010 $a0-520-27560-8 010 $a0-520-95687-7 024 7 $a10.1525/9780520956872 035 $a(CKB)2550000001135854 035 $a(EBL)1471738 035 $a(OCoLC)860923454 035 $a(SSID)ssj0001036807 035 $a(PQKBManifestationID)12461513 035 $a(PQKBTitleCode)TC0001036807 035 $a(PQKBWorkID)11042456 035 $a(PQKB)10827543 035 $a(StDuBDS)EDZ0001054019 035 $a(MdBmJHUP)muse52222 035 $a(DE-B1597)518901 035 $a(DE-B1597)9780520956872 035 $a(Au-PeEL)EBL1471738 035 $a(CaPaEBR)ebr10781611 035 $a(CaONFJC)MIL530067 035 $a(MiAaPQ)EBC1471738 035 $a(EXLCZ)992550000001135854 100 $a20130423h20142014 uy| 0 101 0 $aeng 135 $aurcnu|||||||| 181 $ctxt 182 $cc 183 $acr 200 00$aBlack and brown in Los Angeles $ebeyond conflict and coalition /$fedited by Josh Kun and Laura Pulido 210 1$aBerkeley :$cUniversity of California Press,$d[2014] 210 4$d©2014 215 $a1 online resource (419 p.) 300 $aDescription based upon print version of record. 311 $a0-520-27559-4 311 $a1-299-98816-4 320 $aIncludes bibliographical references and index. 327 $aPART ONE. THE ECONOMICS OF PEOPLE AND PLACES -- Keeping it Real: Demographics, Workforce, and Organizing for African Americans and Latinos in Los Angeles / Manuel Pastor -- Banking on the Community: Mexican Immigrants Experiences in a Historically African American Bank in South Central Los Angeles, 1970-2007 / Abigail Rosas -- Putting Down Roots: Spatial Context and Inter-group Relations in Suburban Los Angeles / Lorrie Frasure and Stacey Greene -- PART TWO. URBAN HISTORIES -- The Changing Valence of White Racial Innocence: The Los Angeles School Desegregation Struggles of the 1970s / Daniel Martinez HoSang -- Fighting the Segregation Amendment: Black and Mexican American Responses to Proposition 14 in Los Angeles / Max Felker-Kantor -- Lowriding in Los Angeles: Black and Chicano Inter-relationships / Denise Sandoval -- PART THREE. COMMUNITY LIFE AND POLITICS -- Rainbow Coalition in the Golden State?: Exposing Myths, Uncovering New Realities in Latino Attitudes toward Blacks / Matt A. Barreto, Ben F. Gonzalez, and Gabriel R. Sanchez -- Race, the Citizen, and the L.A.1 Human: Race Relations and State Violence in Globalized Los Angeles / Ofelia Ortiz Cuevas -- PART FOUR. REPORTING BLACK AND BROWN L.A.: A JOURNALIST'S VIEW -- More than Just the Latinos-Next-Door: Piercing Black Silence on Immigration and Plugging Immigration's Drain on Black Employment / Erin Aubrey Kaplan -- The Violent Real Estate of Street Life: A Report from the Black and Latino Killing Fields / Sam Quinoes -- PART FIVE. CITY CULTURES -- Landscapes of Black and Brown L.A.: A Photo Essay / Wendy Cheng -- Spatial Entitlement: Race, Displacement, and Reclamation in Post-war Los Angeles / Gaye T. Johnson -- The Art of Shared Practices: Excerpts from Fallen Nature and the Two Cities and Black Is Brown and Brown Is Beautiful / Nery Gabriel Lemus -- Raiding Los Angeles: The Raider Nation at the Los Angeles Memorial Coliseum and Beyond, 1982-1994 / Priscilla Leiva -- What Is an MC if He Can't Rap to Banda?: Making Music in Nuevo L.A. / Josh Kun. 330 $aBlack and Brown in Los Angeles is a timely and wide-ranging, interdisciplinary foray into the complicated world of multiethnic Los Angeles. The first book to focus exclusively on the range of relationships and interactions between Latinas/os and African Americans in one of the most diverse cities in the United States, the book delivers supporting evidence that Los Angeles is a key place to study racial politics while also providing the basis for broader discussions of multiethnic America. Students, faculty, and interested readers will gain an understanding of the different forms of cultural borrowing and exchange that have shaped a terrain through which African Americans and Latinas/os cross paths, intersect, move in parallel tracks, and engage with a whole range of aspects of urban living. Tensions and shared intimacies are recurrent themes that emerge as the contributors seek to integrate artistic and cultural constructs with politics and economics in their goal of extending simple paradigms of conflict, cooperation, or coalition. The book features essays by historians, economists, and cultural and ethnic studies scholars, alongside contributions by photographers and journalists working in Los Angeles. 606 $aAfrican Americans$zCalifornia$zLos Angeles 606 $aHispanic Americans$zCalifornia$zLos Angeles 606 $aMinorities$zCalifornia$zLos Angeles 606 $aCommunity development$zCalifornia$zLos Angeles 606 $aCommunity life$zCalifornia$zLos Angeles 607 $aLos Angeles (Calif.)$xEthnic relations 607 $aLos Angeles (Calif.)$xRace relations 607 $aLos Angeles (Calif.)$xSocial conditions 610 $aafrican american. 610 $aanthropology. 610 $acalifornia. 610 $acoalition. 610 $aconflict. 610 $acultural borrowing. 610 $acultural constructs. 610 $acultural exchange. 610 $acultural. 610 $adiscrimination. 610 $adiverse cities. 610 $aeconomists. 610 $aengaging. 610 $aessays. 610 $aethnic studies. 610 $ahistory. 610 $ainterdisciplinary study. 610 $ajournalists. 610 $alatinx. 610 $amultiethnic america. 610 $amultiethnic los angeles. 610 $apolitical. 610 $arace relations. 610 $aracial division. 610 $aracial politics. 610 $aracism. 610 $ashared intimacies. 610 $asimple paradigms. 610 $aunited states. 610 $aurban life. 610 $aurban living. 610 $aviolence. 615 0$aAfrican Americans 615 0$aHispanic Americans 615 0$aMinorities 615 0$aCommunity development 615 0$aCommunity life 676 $a305.8009794/94 701 $aKun$b Josh$01487950 701 $aPulido$b Laura$0276301 801 0$bMiAaPQ 801 1$bMiAaPQ 801 2$bMiAaPQ 906 $aBOOK 912 $a9910790634503321 996 $aBlack and brown in Los Angeles$93708077 997 $aUNINA LEADER 03606nam 2200673 450 001 9910798106403321 005 20200917021826.0 010 $a3-11-046521-3 010 $a3-11-046706-2 024 7 $a10.1515/9783110467062 035 $a(CKB)3710000000656194 035 $a(EBL)4508544 035 $a(DE-B1597)462429 035 $a(OCoLC)1013938747 035 $a(OCoLC)951147241 035 $a(DE-B1597)9783110467062 035 $a(Au-PeEL)EBL4508544 035 $a(CaPaEBR)ebr11207613 035 $a(CaONFJC)MIL915591 035 $a(OCoLC)950462966 035 $a(CaSebORM)9783110465211 035 $a(MiAaPQ)EBC4508544 035 $a(EXLCZ)993710000000656194 100 $a20160523h20162016 uy 0 101 0 $ager 135 $aur|n|---||||| 181 $2rdacontent 182 $2rdamedia 183 $2rdacarrier 200 10$aWirtschaftskrisen in Deutschland und China $eeine linguistische Printmedienanalyse /$fRui Li 210 1$aBerlin, [Germany] ;$aBoston, [Massachusetts] :$cDe Gruyter,$d2016. 210 4$d©2016 215 $a1 online resource (298 p.) 225 1 $aSprache und Wissen,$x1864-2284 ;$vBand 24 300 $aDescription based upon print version of record. 311 $a3-11-046507-8 320 $aIncludes bibliographical references and index. 327 $tFrontmatter -- $tDanksagung -- $tInhalt -- $t1. Einleitung -- $t2. Theorie und Methodik -- $t3. Untersuchungskorpus -- $t4. Diskurslinguistische Analyse -- $t5. Vorstellung und Diskussion der Ergebnisse -- $t6. Zusammenfassung und Ausblick -- $tLiteraturverzeichnis -- $tIndex 330 $aDie Weltfinanzkrise von 2008 hat die globale Wirtschaft in ihren Grundfesten erschüttert. Die Wurzeln dieser Erschütterung sind vom Prozess der wirtschaftlichen Globalisierung und Deregulierung der Märkte nicht zu trennen. Wie werden die zugehörigen Entwicklungen und Erfahrungen jeweils in Ost und West konzeptualisiert und kommunikativ begleitet? Exemplarisch soll hier der kommunikative Reflex der genannten Ereignisse erfasst werden, insofern er in einschlägigen Texten ausgewählter prominenter Presseorgane in Deutschland bzw. China prozessbegleitend manifest ist. Untersucht wird der Zeitrahmen von 1992 bis 2012, speziell die Resonanz auf die globalen Transformationsprozesse nach dem Zusammenbruch der Sowjetunion (1990-1992), auf die Asienkrise (1997-1999), auf das Platzen der 'Dotcom-Blase' (2000-2002) sowie auf die aktuelle Weltfinanzkrise (2008-2012). Die Untersuchung liefert einen Einblick dazu, wie das wirtschaftliche und wirtschaftspolitische Handeln maßgebender Akteure in den Texten reflektiert, kommentiert und bewertet wird. Methodisch greift die Untersuchung das Verfahren der linguistischen Frame-Analyse auf und verbindet dieses auf innovative Weise mit Verfahren der qualitativen Forschung aus den Sozialwissenschaften. 410 0$aSprache und Wissen ;$vBand 24. 606 $aFinancial crises$zGermany 606 $aFinancial crises$zChina 607 $aGermany$xEconomic conditions$y21st century$xPress coverage 607 $aChina$xEconomic conditions$y2000-$xPress coverage 610 $aDiscourse analysis. 610 $aFrame analysis. 610 $aMedia analysis. 615 0$aFinancial crises 615 0$aFinancial crises 676 $a330.943 686 $aGD 8980$qSEPA$2rvk 700 $aLi$b Rui$0689102 801 0$bMiAaPQ 801 1$bMiAaPQ 801 2$bMiAaPQ 906 $aBOOK 912 $a9910798106403321 996 $aWirtschaftskrisen in Deutschland und China$93848360 997 $aUNINA